| 000 | 00631nam a22001577a 4500 | ||
|---|---|---|---|
| 003 | NUST | ||
| 082 | _a629.8 | ||
| 100 |
_a ABBAS ,SYED ASSAD _9122424 |
||
| 245 |
_aDevelopment of search strategy forsingle / multiagent UAVs in cooperative environment for Search and Rescue (S&R) / Area Surveillance / _cSYED ASSAD ABBAS |
||
| 264 |
_aIslamabad: _bSMME- NUST. _c2021. |
||
| 300 |
_a56p. ; _bSoft Copy, _c30cm. |
||
| 650 |
_aMS Robotics and Intelligent Machine Engineering _9119486 |
||
| 710 |
_aSupervisor : Dr. Muhammad Jawad Khan _9122425 |
||
| 856 | _uhttp://10.250.8.41:8080/xmlui/handle/123456789/26330 | ||
| 942 |
_2ddc _cTHE |
||
| 999 |
_c608920 _d608920 |
||